Stede Bonnet : Charleston's Gentleman Pirate /

Bibliographic Details
Main Author: Downey, Christopher Byrd
Format: Book
Language:English
Published: Charleston : History Press, 2012.
Subjects:

MARC

Tag First Indicator Second Indicator Subfields
LEADER 00000cam a2200000 i 4500
001 in00002781690
005 20150922121514.0
008 120504s2012 scuab b 000 0beng
010 |a  2012016826 
020 |a 9781609495404 
020 |a 1609495403 
035 |a (OCoLC)ocn788250735 
040 |a DLC  |e rda  |c DLC  |d UtOrBLW 
043 |a n-us-sc  |a n-us---  |a nwbb--- 
049 |a TXAM 
050 0 0 |a G537.B66  |b D69 2012 
082 0 0 |a 910.4/5  |a B  |2 23 
100 1 |a Downey, Christopher Byrd. 
245 1 0 |a Stede Bonnet :  |b Charleston's Gentleman Pirate /  |c Christopher Byrd Downey. 
264 1 |a Charleston :  |b History Press,  |c 2012. 
300 |a 94 pages :  |b illustrations, maps ;  |c 23 cm. 
336 |a text  |b txt  |2 rdacontent 
337 |a unmediated  |b n  |2 rdamedia 
338 |a volume  |b nc  |2 rdacarrier 
504 |a Includes bibliographical references (pages 93-94). 
505 0 |a Nassau -- Barbados -- Blackbeard -- Blockade of Charleston -- Treachery -- Judgment -- The End of a Golden Age. 
600 1 0 |a Bonnet, Stede,  |d -1718. 
650 0 |a Pirates  |z South Carolina  |z Charleston  |v Biography. 
650 0 |a Pirates  |z Atlantic Coast (U.S.)  |v Biography. 
650 0 |a Pirates  |z Barbados  |v Biography. 
600 1 0 |a Teach, Edward,  |d -1718  |x Friends and associates. 
945 |a PromptCat  |b 38642 
946 |a stk 
947 |a A14835994257 
948 |a cataloged  |b h  |c 2012/10/16  |d c  |e dmitchel  |f 12:00:00 pm 
994 |a 92  |b TXA 
999 |a MARS 
999 f f |s ecd364e3-9018-31ab-981c-21b620c73eaf  |i b120ffe3-55b1-3821-9148-dff60292ace2  |t 0 
952 f f |p normal  |a Texas A&M University  |b College Station  |c Sterling C. Evans Library  |d Evans: Library Stacks  |t 0  |e G537.B66 D69 2012  |h Library of Congress classification  |i unmediated -- volume  |m A14835994257 
998 f f |a G537.B66 D69 2012  |t 0  |l Evans: Library Stacks